000 00581cam a2200193 4500500
005 20260405003041.0
041 _afre
042 _adc
100 1 0 _aRontard, Yseult
_eauthor
245 0 0 _aLa Langue sauvée. Histoire d’une jeunesse 1905-1921
260 _c2020.
500 _a65
690 _aElias Canetti
690 _aExil
690 _aLangues
690 _aPatrie
786 0 _nPhilosophie magazine | 139 | 6 | 2020-06-01 | p. 47-47 | 1951-1787
856 4 1 _uhttps://shs.cairn.info/magazine-philosophie-magazine-2020-6-page-47?lang=fr&redirect-ssocas=7080
999 _c2063935
_d2063935